Kpop Girlgroup members by picture - Statistics

General Stats
  • This quiz has been taken 734 times
  • The average score is 52 of 64
Answer Stats
Picture Answer % Correct
Lisa
97%
Jennie
96%
Jisoo
96%
Rose
96%
Momo
94%
Nayeon
94%
Jihyo
93%
Lily
93%
Sana
93%
Karina
92%
Tzuyu
92%
Winter
92%
Yeji
92%
Giselle
91%
Lia
91%
Mina
91%
Ningning
91%
Chaewon
90%
Dahyun
90%
Danielle
90%
Eunchae
89%
Ryujin
89%
Sakura
89%
Soyeon
89%
Wonyoung
89%
Yuna
89%
Chaeyoung
88%
Hanni
88%
Jeongyeon
88%
Kazuha
88%
Yunjin
87%
Yuqi
87%
Minji
86%
Minnie
86%
Chaeryeong
85%
Haerin
84%
Miyeon
84%
Liz
83%
Shuhua
83%
Yujin
83%
Hyein
82%
Irene
82%
Rei
82%
Sullyoon
82%
Gaeul
80%
Seulgi
80%
Haewon
79%
Wendy
78%
Joy
77%
Leeseo
77%
Bae
74%
Natty
73%
Yeri
73%
Belle
71%
Julie
71%
Kyujin
71%
Jiwoo
69%
Haneul
63%
J
51%
Yoon
47%
Isa
46%
Sieun
45%
Seeun
43%
Sumin
40%
No matching quizzes found
Score Distribution
Percent of People with Each Score
Percentile by Number Answered
Your Score History
You have not taken this quiz